<?xml version="1.0" encoding="UTF-8"?>
<collection xmlns="http://www.loc.gov/MARC21/slim">
 <record>
  <leader>     na                 </leader>
  <controlfield tag="001">INLIS000000000862057</controlfield>
  <controlfield tag="005">20210709095832</controlfield>
  <datafield tag="035" ind1=" " ind2=" ">
   <subfield code="a">0010-0721000292</subfield>
  </datafield>
  <controlfield tag="007">ta</controlfield>
  <controlfield tag="008">210705s2015    jkia   gs           ind d</controlfield>
  <datafield tag="020" ind1=" " ind2=" ">
   <subfield code="a">978-979-661-249-9</subfield>
  </datafield>
  <datafield tag="040" ind1=" " ind2=" ">
   <subfield code="a">YOPDYOG</subfield>
   <subfield code="b">ind</subfield>
   <subfield code="e">rda</subfield>
  </datafield>
  <datafield tag="082" ind1="0" ind2="4">
   <subfield code="2">23</subfield>
   <subfield code="a">728.3</subfield>
  </datafield>
  <datafield tag="084" ind1=" " ind2=" ">
   <subfield code="a">728.3 AND i</subfield>
  </datafield>
  <datafield tag="100" ind1="0" ind2=" ">
   <subfield code="a">Andie A. Wicaksono</subfield>
   <subfield code="e">pengarang</subfield>
  </datafield>
  <datafield tag="245" ind1="1" ind2="0">
   <subfield code="a">Ide pemanfaatan ruang bawah tangga :</subfield>
   <subfield code="b">solusi untuk rumah bertingkat di lahan terbatas /</subfield>
   <subfield code="c">Andie A. Wicaksono, M. Zaka Hekmatyar, Azzam Zulfikar</subfield>
  </datafield>
  <datafield tag="250" ind1=" " ind2=" ">
   <subfield code="a">Cetakan pertama, 2015</subfield>
  </datafield>
  <datafield tag="650" ind1=" " ind2="4">
   <subfield code="a">Rumah tinggal--</subfield>
   <subfield code="x">Desain dan perencanaan</subfield>
  </datafield>
  <datafield tag="700" ind1="1" ind2=" ">
   <subfield code="a">Zaka Hekmatyar,M</subfield>
   <subfield code="d">1994-</subfield>
   <subfield code="e">pengarang</subfield>
  </datafield>
  <datafield tag="700" ind1="0" ind2=" ">
   <subfield code="a">Azzam Zulfikar,</subfield>
   <subfield code="d">1995-</subfield>
   <subfield code="e">pengarang</subfield>
  </datafield>
  <datafield tag="850" ind1=" " ind2=" ">
   <subfield code="a">YOPDYOG</subfield>
  </datafield>
  <datafield tag="264" ind1="3" ind2="1">
   <subfield code="a">Jakarta :</subfield>
   <subfield code="b">Griya Kreasi,</subfield>
   <subfield code="c">2015</subfield>
  </datafield>
  <datafield tag="336" ind1=" " ind2=" ">
   <subfield code="2">rdacontent</subfield>
   <subfield code="a">teks</subfield>
  </datafield>
  <datafield tag="337" ind1=" " ind2=" ">
   <subfield code=" ">komputer</subfield>
   <subfield code="2">rdamedia</subfield>
  </datafield>
  <datafield tag="338" ind1=" " ind2=" ">
   <subfield code="2">rdacarrier</subfield>
   <subfield code="a">sumber sambung jaring</subfield>
  </datafield>
  <datafield tag="300" ind1=" " ind2=" ">
   <subfield code="a">1 berkas komputer (8,2 MB)</subfield>
  </datafield>
  <datafield tag="538" ind1=" " ind2=" ">
   <subfield code="a">Android : versi 4.0 atau di atasnya, memori 1 GB, layar tampilan 4-inch</subfield>
  </datafield>
  <datafield tag="856" ind1="4" ind2="0">
   <subfield code="n">Perpustakaan Digital iJogja</subfield>
   <subfield code="u">http://ijogja.id /publications/books/12528</subfield>
  </datafield>
  <datafield tag="852" ind1="8" ind2=" ">
   <subfield code="a">aplikasi iJogja</subfield>
  </datafield>
  <datafield tag="500" ind1=" " ind2=" ">
   <subfield code="a">Untuk mengakses buku ini silakan unduh aplikasi http://ijogja.id</subfield>
  </datafield>
  <datafield tag="504" ind1=" " ind2=" ">
   <subfield code="a">Bibliografi : halaman 138</subfield>
  </datafield>
  <datafield tag="990" ind1=" " ind2=" ">
   <subfield code="a">000225-EPD/B.2016</subfield>
  </datafield>
  <datafield tag="990" ind1=" " ind2=" ">
   <subfield code="a">000226-EPD/B.2016</subfield>
  </datafield>
  <datafield tag="990" ind1=" " ind2=" ">
   <subfield code="a">000226-EPD/B.2016</subfield>
  </datafield>
  <datafield tag="990" ind1=" " ind2=" ">
   <subfield code="a">000225-EPD/B.2016</subfield>
  </datafield>
  <datafield tag="990" ind1=" " ind2=" ">
   <subfield code="a">000225-EPD/B.2016</subfield>
  </datafield>
  <datafield tag="990" ind1=" " ind2=" ">
   <subfield code="a">000226-EPD/B.2016</subfield>
  </datafield>
 </record>
</collection>
